[Event "IND-chT 37th"]
[Site "Bhopal"]
[Date "2017.02.02"]
[Round "1.3"]
[White "Akira, Sowmyanatha Reddy"]
[Black "Surendran, N."]
[Result "0-1"]
[WhiteElo "1443"]
[BlackElo "2120"]
[PlyCount "74"]
[EventDate "2017.02.02"]
[EventType "team-swiss"]
[EventRounds "9"]
[EventCountry "IND"]
[SourceTitle "CBM 176 Extra"]
[Source "ChessBase"]
[SourceDate "2017.03.02"]
[SourceVersion "1"]
[SourceVersionDate "2017.03.02"]
[SourceQuality "1"]
[WhiteTeam "Telangana State II"]
[BlackTeam "Viyugam CA"]
[WhiteTeamCountry "IND"]
[BlackTeamCountry "IND"]

1. e4 c5 2. Nf3 d6 3. d4 cxd4 4. Nxd4 Nf6 5. Nc3 a6 6. Bg5 Nbd7 7. Bc4 Qb6 8. Bb3 e6 9. 0-0 Be7 10. Qd2 Nc5 11. Rfe1 h6 12. Bh4 0-0 13. Bg3 Nh5 14. Rad1 Nxg3 15. hxg3 Qc7 16. Qe3 b5 17. e5 dxe5 18. Qxe5 Qxe5 19. Rxe5 Rd8 20. Re2 Bb7 21. Red2 Bg5 22. f4 Bf6 23. Nce2 Rd6 24. c3 Rad8 25. Bc2 Bd5 26. Nb3 Bxb3 27. Rxd6 Rxd6 28. Bxb3 Rxd1+ 29. Bxd1 Nd3 30. b3 e5 31. Bc2 e4 32. Kf1 Kf8 33. a3 Be7 34. b4 Bf6 35. Nd4 Bxd4 36. cxd4 f5 37. Bxd3 h5 0-1